00549nam a2200181Ia 450000500170000000800410001704000190005804100120007708200150008924500920010426000330019630000170022950400410024665000180028765100250030570000270033085000100035720230321145236.0131103s9999 xx 000 0 und d aLoreto College aEnglish a822.5bKRU aEighteenth century english dramacedited and with an introduction by Joseph Wood Krutch aNew YorkbBantam Booksc1967 axvii,428 p.  aIncludes bibliographical references  aEnglish Drama a18th century - Drama aKrutch,Joseph Wood,ed. aLCLIB